Indikátory podnikateľského úspechu startupov bakalárska práca

Salvato in:
Dettagli Bibliografici
Autore principale: Barátová, Michaela
Ente Autore: Fakulta podnikového manažmentu EU. Katedra manažmentu
Altri autori: Bednár, Richard, 1985-
Natura: Libro
Lingua:slovacco
Pubblicazione: Bratislava 2018
Tags: Aggiungi Tag
Nessun Tag, puoi essere il primo ad aggiungerne!!

MARC

LEADER 00000nbm a2200000 4500
001 0244710
005 20180918144010.1
041 0 |a slo 
044 |a SK 
245 1 0 |a Indikátory podnikateľského úspechu startupov  |b bakalárska práca  |c Michaela Barátová ; školiteľ: Richard Bednár 
264 1 |a Bratislava  |c 2018 
300 |a 56 s. 
100 1 |a Barátová, Michaela 
700 1 |a Bednár, Richard, 1985- 
710 2 |a Fakulta podnikového manažmentu EU. Katedra manažmentu